[Event "Bank Pocztowy op-A"]
[Site "Bydgoszcz"]
[Date "2001.05.01"]
[Round "5"]
[White "Klovans, Janis"]
[Black "Sarwinski, Miroslaw"]
[Result "1/2-1/2"]
[WhiteElo "2490"]
[BlackElo "2374"]
[PlyCount "52"]
[EventDate "2001.04.27"]
[Source "ChessBase"]
[SourceDate "2001.07.03"]

1. e4 e5 2. Nf3 Nf6 3. d4 exd4 4. e5 Ne4 5. Qxd4 d5 6. exd6 Nxd6 7. Nc3 Nc6 8. Qf4 g6 9. Bd2 Qe7+ 10. Be2 Be6 11. O-O-O Bg7 12. Bd3 O-O 13. Ng5 Ne5 14. Rhe1 Nxd3+ 15. cxd3 Nf5 16. Nxe6 fxe6 17. Qe4 Rad8 18. Qxe6+ Qxe6 19. Rxe6 Rxd3 20. f3 Rfd8 21. Bg5 Rxd1+ 22. Nxd1 Kf7 23. Bxd8 Kxe6 24. Bxc7 Nh4 25. Ne3 Bd4 26. Kd2 Bxb2 1/2-1/2

[Event "VAM Hoogeveen op"]
[Site "Wijk aan Zee"]
[Date "1997.??.??"]
[Round "7"]
[White "Nijboer, Friso"]
[Black "Vedder, Richard"]
[Result "1-0"]
[WhiteElo "2605"]
[BlackElo "2255"]
[PlyCount "65"]
[EventDate "1997.10.??"]
[Source "ChessBase"]
[SourceDate "1997.11.24"]

1. e4 e5 2. Nf3 Nf6 3. d4 exd4 4. e5 Ne4 5. Qxd4 d5 6. exd6 Nxd6 7. Nc3 Nc6 8. Qf4 Be7 9. Bd2 Be6 10. O-O-O Bf6 11. g4 a6 12. g5 Be7 13. h4 Qd7 14. Be3 O-O-O 15. Ne4 Qe8 16. Nc5 Nf5 17. Rxd8+ Nxd8 18. Nxe6 fxe6 19. Bc4 Rf8 20. Nd4 Bd6 21. Qe4 Nxd4 22. Qxd4 e5 23. Qe4 Qh5 24. a3 g6 25. Kd2 Qf3 26. Qxf3 Rxf3 27. Bg8 Nc6 28. Bxh7 Ne7 29. h5 Rf7 30. Bxg6 Nxg6 31. hxg6 Rg7 32. Rh8+ Kd7 33. Rh7 1-0

[Event "2. P.S"]
[Site "2. Peristeri P.S."]
[Date "1995.??.??"]
[Round "5"]
[White "Tzermiadianos, Andreas"]
[Black "Kalesis, Nikolaos"]
[Result "1/2-1/2"]
[WhiteElo "2440"]
[BlackElo "2410"]
[PlyCount "30"]
[EventDate "1995.??.??"]
[Source "www.chesslib.no"]
[SourceDate "2004.05.04"]

1. e4 e5 2. Nf3 Nf6 3. d4 exd4 4. e5 Ne4 5. Qxd4 d5 6. exd6 Nxd6 7. Nc3 Nc6 8. Qf4 Nf5 9. Bb5 Bd6 10. Qe4+ Qe7 11. Bd2 Bd7 12. O-O-O Qxe4 13. Nxe4 Be7 14. Rhe1 O-O-O 15. Bc4 f6 1/2-1/2

[Event "ROM Team Ch"]
[Site "Romania"]
[Date "1995.??.??"]
[Round "?"]
[White "Nevednichy, Vladislav"]
[Black "Radovici, Corvin"]
[Result "1-0"]
[WhiteElo "2485"]
[BlackElo "2360"]
[PlyCount "53"]
[EventDate "1995.??.??"]
[Source "www.chesslib.no"]
[SourceDate "2004.05.04"]

1. e4 e5 2. Nf3 Nf6 3. d4 exd4 4. e5 Ne4 5. Qxd4 d5 6. exd6 Nxd6 7. Nc3 Nc6 8. Qf4 Be7 9. Bd3 Be6 10. Be3 Bf6 11. O-O-O Bxc3 12. bxc3 Qd7 13. c4 Nb4 14. c5 Qa4 15. cxd6 Qa3+ 16. Kd2 Nxd3 17. cxd3 O-O-O 18. Ke2 Rxd6 19. Rd2 Rhd8 20. Rhd1 Ra6 21. Ne1 f6 22. Rc1 g5 23. Qb4 b6 24. Kf1 h6 25. Kg1 f5 26. f4 g4 27. Qc3 1-0

[Event "OHRA-B"]
[Site "Amsterdam NED"]
[Date "1986.??.??"]
[Round "1"]
[White "Braga, Fernando"]
[Black "Hartoch, Robert G"]
[Result "1/2-1/2"]
[WhiteElo "2470"]
[BlackElo "2370"]
[PlyCount "58"]
[EventDate "1986.07.??"]
[Source "www.chesslib.no"]
[SourceDate "2004.05.04"]

1. e4 e5 2. Nf3 Nf6 3. d4 exd4 4. e5 Ne4 5. Qxd4 d5 6. exd6 Nxd6 7. Bg5 Nc6 8. Qe3+ Be7 9. Bxe7 Qxe7 10. Qxe7+ Kxe7 11. Nc3 Bg4 12. O-O-O Rae8 13. Bb5 Kd7 14. Bxc6+ bxc6 15. Rd3 Bxf3 16. Rxf3 Re5 17. Rd1 f6 18. b3 Rhe8 19. Rd4 Kc8 20. Ra4 Kb7 21. Rg4 R8e7 22. Na4 a5 23. Rh4 h6 24. Rc3 Nb5 25. Rc5 Re1+ 26. Kb2 Rf1 27. Rf5 Ree1 28. Nc3 Nxc3 29. Kxc3 Re2 1/2-1/2

[Event "Hoogovens-B"]
[Site "Wijk aan Zee"]
[Date "1971.??.??"]
[Round "?"]
[White "Adorjan, Andras"]
[Black "Kostro, Jerzy"]
[Result "1/2-1/2"]
[WhiteElo "2460"]
[BlackElo "2380"]
[PlyCount "83"]
[EventDate "1971.01.??"]
[Source "ChessBase"]

1. e4 e5 2. Nf3 Nf6 3. d4 exd4 4. e5 Ne4 5. Qxd4 d5 6. exd6 Nxd6 7. Bd3 Nc6 8. Qf4 Be6 9. Nc3 Qd7 10. Be3 Nf5 11. Bxf5 Bxf5 12. Ne5 Nxe5 13. Qxe5+ Be6 14. Nb5 Bd6 15. Nxd6+ Qxd6 16. Qxd6 cxd6 17. O-O-O Ke7 18. Bg5+ f6 19. Bf4 d5 20. Rhe1 Kf7 21. Be3 Rhe8 22. h3 h5 23. b3 Rac8 24. Kb2 a6 25. c3 Rc6 26. Bd4 Bd7 27. Rxe8 Kxe8 28. Be3 Be6 29. a4 Kf7 30. Rd4 Kg6 31. Rb4 Bc8 32. Kc2 Kf5 33. Rh4 Kg6 34. Rd4 Bf5+ 35. Kb2 Be6 36. Rb4 Bc8 37. Kc2 Kf5 38. Kd2 g5 39. Kd3 Ke5 40. f4+ gxf4 41. Bxf4+ Kf5 42. Rd4 1/2-1/2

[Event "Ch France (team) (nat.2) 2007/08"]
[Site "France"]
[Date "2007.12.16"]
[Round "4"]
[White "Lejarre Ludovic (FRA)"]
[Black "Drenchev Petar (BUL)"]
[Result "1-0"]
[WhiteElo "2393"]
[BlackElo "2444"]
[PlyCount "79"]
[EventDate "2007.??.??"]
[Source "www.chesslib.no"]
[SourceDate "2004.05.04"]

1. e4 e5 2. Nf3 Nf6 3. d4 exd4 4. e5 Ne4 5. Qxd4 d5 6. exd6 Nxd6 7. Nc3 Nc6 8. Qf4 Bf5 9. Bb5 a6 10. Bxc6+ bxc6 11. O-O Bd7 12. Nd4 Qf6 13. Re1+ Be7 14. Qxf6 gxf6 15. Bh6 Kd8 16. Re2 f5 17. Bg7 Rg8 18. Rae1 Bg5 19. Be5 Nc4 20. Nf3 Nxe5 21. Nxg5 f6 22. f4 fxg5 23. Rxe5 gxf4 24. Rf1 Rb8 25. Na4 Rb5 26. Nc5 Re8 27. Rxe8+ Bxe8 28. Nd3 Ra5 29. a3 Rb5 30. Rxf4 Ke7 31. Kf2 a5 32. Ke3 Bg6 33. b3 Kd6 34. Rd4+ Ke7 35. a4 Rb8 36. Ne5 Rb6 37. Kf4 c5 38. Rd7+ Kf6 39. Rxc7 Rd6 40. Rc6 1-0

[Event "White Nights op"]
[Site "St Petersburg"]
[Date "1998.06.23"]
[Round "4"]
[White "Rusanov, Michail"]
[Black "Sotsky, Alexander"]
[Result "1-0"]
[WhiteElo "2410"]
[BlackElo "2425"]
[PlyCount "107"]
[EventDate "1998.06.??"]
[Source "www.chesslib.no"]
[SourceDate "2004.05.04"]

1. e4 e5 2. Nf3 Nf6 3. d4 exd4 4. e5 Ne4 5. Qxd4 d5 6. exd6 Nxd6 7. Nc3 Nc6 8. Qf4 Be7 9. Bd2 O-O 10. O-O-O Be6 11. h4 Qc8 12. Ng5 Bf6 13. Bd3 Bf5 14. Nd5 Be5 15. Bxf5 Qxf5 16. Qxf5 Nxf5 17. g4 Rad8 18. Ne3 Nxe3 19. Bxe3 Rxd1+ 20. Rxd1 Rd8 21. Rxd8+ Nxd8 22. Ne4 Nc6 23. c3 g6 24. f4 Bg7 25. Kd2 f6 26. Nc5 Nd8 27. f5 b6 28. Ne4 gxf5 29. gxf5 Nf7 30. Bf4 Nh6 31. Bxh6 Bxh6+ 32. Kd3 Kg7 33. Kc4 c6 34. b4 a6 35. a4 Be3 36. a5 h5 37. Kd3 Bg1 38. Ke2 bxa5 39. bxa5 Kf7 40. Kd3 Bh2 41. Kc4 Bc7 42. Kb4 Ke7 43. Kc5 Bxa5 44. Kxc6 Bd8 45. c4 a5 46. Nc3 a4 47. Nxa4 Ba5 48. c5 Be1 49. Kb7 Bxh4 50. c6 Bg3 51. c7 Bxc7 52. Kxc7 h4 53. Nc3 h3 54. Ne4 1-0

[Event "57th ch-RUS w"]
[Site "Moscow RUS"]
[Date "2007.12.26"]
[Round "7"]
[White "Kovalevskaya, E."]
[Black "Stepovaia, T."]
[Result "1-0"]
[WhiteElo "2448"]
[BlackElo "2375"]
[PlyCount "107"]
[EventDate "2007.12.18"]
[Source "www.chesslib.no"]
[SourceDate "2004.05.04"]

1. e4 e5 2. Nf3 Nf6 3. d4 exd4 4. e5 Ne4 5. Qxd4 d5 6. exd6 Nxd6 7. Bf4 Nc6 8. Qd2 Qe7+ 9. Be2 Ne4 10. Qc1 h6 11. O-O g5 12. Bd3 Nc5 13. Bd2 Nxd3 14. cxd3 Be6 15. Bc3 Rg8 16. Nbd2 O-O-O 17. Ne4 f5 18. Ng3 Qf7 19. Re1 Bd6 20. d4 g4 21. Ne5 Nxe5 22. dxe5 Be7 23. Ne2 Bg5 24. Qc2 f4 25. Nd4 f3 26. Nxe6 Qxe6 27. Qb3 Rde8 28. Qxe6+ Rxe6 29. Rad1 h5 30. Rd3 Rf8 31. Re4 fxg2 32. Kxg2 Rf4 33. Rxf4 Bxf4 34. Rd4 Bg5 35. Ra4 b5 36. Rxa7 Kb8 37. Ra3 c5 38. Rb3 Rb6 39. Ba5 Rb7 40. Rd3 Ra7 41. Bb6 Rxa2 42. Bxc5 Rxb2 43. e6 Re2 44. Rd5 Bf6 45. Be3 Kc7 46. Rxb5 h4 47. Rd5 Kc6 48. Rd7 Re1 49. h3 g3 50. Rf7 Be5 51. Ra7 gxf2 52. Kxf2 Rb1 53. Kf3 Bd6 54. e7 1-0

[Event "EUCup 17th"]
[Site "Panormo"]
[Date "2001.09.26"]
[Round "4"]
[White "Hermansson, Emil"]
[Black "Neiksans, Arturs"]
[Result "1/2-1/2"]
[WhiteElo "2381"]
[BlackElo "2435"]
[PlyCount "25"]
[EventDate "2001.09.22"]
[Source "ChessBase"]
[SourceDate "2001.10.26"]

1. e4 e5 2. Nf3 Nf6 3. d4 exd4 4. e5 Ne4 5. Qxd4 d5 6. exd6 Nxd6 7. Nc3 Nc6 8. Qf4 Nf5 9. Nb5 Bb4+ 10. c3 Ba5 11. Qe4+ Qe7 12. Qxe7+ Ncxe7 13. Bc4 1/2-1/2

[Event "ch-AUT"]
[Site "Hartberg"]
[Date "2003.08.04"]
[Round "9"]
[White "Wittmann, Walter"]
[Black "Volkmann, Friedrich Karl"]
[Result "0-1"]
[WhiteElo "2359"]
[BlackElo "2455"]
[PlyCount "84"]
[EventDate "2003.07.29"]
[Source "Roberto Alvarez"]
[SourceDate "2003.08.11"]

1. e4 e5 2. Nf3 Nf6 3. d4 exd4 4. e5 Ne4 5. Qxd4 d5 6. exd6 Nxd6 7. Nc3 Nc6 8. Qf4 Nf5 9. Bb5 Bd6 10. Qe4+ Nfe7 11. Nd4 O-O 12. Nxc6 Nxc6 13. Bxc6 bxc6 14. Be3 Rb8 15. O-O-O Qf6 16. Bd4 Qg5+ 17. Be3 Qh5 18. Qxc6 Bb7 19. Qa4 Bxg2 20. Rhg1 Rb4 21. Qd7 Qxh2 22. Qf5 g6 23. Qf6 Re8 24. Rxg2 Qxg2 25. Bh6 Bf8 26. Bxf8 Rxf8 27. Nd5 Re4 28. Qc3 Qg5+ 29. f4 Rxf4 30. Nxf4 Qxf4+ 31. Kb1 Re8 32. b3 h5 33. Qc5 a6 34. a4 h4 35. Qc6 Re6 36. Qc3 Qe5 37. Qc4 h3 38. Qh4 Qh5 39. Rd8+ Kg7 40. Qd4+ Qe5 41. Qa7 Qc3 42. Rd1 Re2 0-1

[Event "Cannes op"]
[Site "Cannes"]
[Date "1995.??.??"]
[Round "9"]
[White "Prie, Eric"]
[Black "Skalik, Przemyslaw"]
[Result "0-1"]
[WhiteElo "2480"]
[BlackElo "2330"]
[PlyCount "126"]
[EventDate "1995.02.??"]
[Source "ChessBase"]

1. e4 e5 2. Nf3 Nf6 3. d4 exd4 4. e5 Ne4 5. Qxd4 d5 6. exd6 Nxd6 7. Nc3 Nc6 8. Qf4 g6 9. Qe3+ Be6 10. Ng5 Bh6 11. Nxe6 Bxe3 12. Nxd8 Bxc1 13. Rxc1 Rxd8 14. Be2 Nd4 15. Bd3 c6 16. O-O Kd7 17. Rfd1 Ne6 18. Bc4 Rhe8 19. Ne4 Ke7 20. Nxd6 Rxd6 21. Rxd6 Kxd6 22. Rd1+ Kc7 23. g3 Re7 24. Kg2 b5 25. Bf1 Nc5 26. a3 a5 27. Kf3 Na4 28. b3 Nc3 29. Rd3 Re1 30. Kg2 Nb1 31. b4 a4 32. g4 f6 33. Rh3 Kd6 34. c4 bxc4 35. Bxc4 Re4 36. Ba2 Rxg4+ 37. Kf1 Nd2+ 38. Ke2 Nc4 39. Bxc4 Rxc4 40. Rxh7 Rc2+ 41. Ke1 Rc3 42. Rh6 Rxa3 43. Rxg6 Ke5 44. Rg8 Rb3 45. Rb8 Rb2 46. Kf1 Kf4 47. Kg2 c5 48. b5 a3 49. Ra8 a2 50. b6 c4 51. b7 Ke4 52. Rxa2 Rxb7 53. h4 c3 54. h5 Kd3 55. Ra6 c2 56. Rd6+ Kc3 57. Rc6+ Kb2 58. Kg3 c1=Q 59. Rxc1 Kxc1 60. Kg4 Rh7 61. Kf5 Rh6 62. Ke6 Kd2 63. Kf7 Ke2 0-1

[Event "10th Metalis Open"]
[Site "Bizovac"]
[Date "2003.03.01"]
[Round "7"]
[White "Leventic, Ivan"]
[Black "Saric, Ante"]
[Result "1/2-1/2"]
[WhiteElo "2453"]
[BlackElo "2350"]
[PlyCount "49"]
[EventDate "2003.02.26"]
[Source "Roberto Alvarez"]
[SourceDate "2003.03.03"]

1. e4 e5 2. Nf3 Nf6 3. d4 exd4 4. e5 Ne4 5. Qxd4 d5 6. exd6 Nxd6 7. Nc3 Nc6 8. Qf4 Be6 9. Bd3 h6 10. O-O Qd7 11. Ne5 Nxe5 12. Qxe5 O-O-O 13. Be3 Kb8 14. Rad1 f6 15. Qd4 Nc8 16. Qe4 Nd6 17. Qf4 Be7 18. Bb5 Qc8 19. Qa4 a6 20. Bd3 Nf5 21. Bxf5 Bxf5 22. Nd5 Bd6 23. Qd4 b6 24. Qa4 Qb7 25. c4 1/2-1/2

[Event "Rovno"]
[Site "Rovno"]
[Date "2000.??.??"]
[Round "14"]
[White "Tokmina, Petr"]
[Black "Kholmov, Ratmir D"]
[Result "1/2-1/2"]
[WhiteElo "2312"]
[BlackElo "2489"]
[PlyCount "31"]
[EventDate "2000.01.20"]
[Source "ChessBase"]
[SourceDate "2000.05.31"]

1. e4 e5 2. Nf3 Nf6 3. d4 exd4 4. e5 Ne4 5. Qxd4 d5 6. exd6 Nxd6 7. Nc3 Nc6 8. Qf4 Nf5 9. Nb5 Bb4+ 10. Bd2 Qe7+ 11. Be2 Bxd2+ 12. Nxd2 O-O 13. Qe4 Qxe4 14. Nxe4 Nfd4 15. Nxd4 Nxd4 16. Bd3 1/2-1/2

[Event "Budapest FS02 GM"]
[Site "Budapest"]
[Date "1998.02.09"]
[Round "3"]
[White "Acs, Peter"]
[Black "Hoang Thanh Trang"]
[Result "1-0"]
[WhiteElo "2450"]
[BlackElo "2350"]
[PlyCount "85"]
[EventDate "1998.02.??"]
[Source "ChessBase"]
[SourceDate "1998.04.29"]

1. e4 e5 2. Nf3 Nf6 3. d4 exd4 4. e5 Ne4 5. Qxd4 d5 6. exd6 Nxd6 7. Bd3 Nc6 8. Qf4 Be7 9. Nc3 Be6 10. Be3 h6 11. h4 Qd7 12. O-O-O O-O-O 13. Qa4 a5 14. Bb5 Qe8 15. Bxc6 Qxc6 16. Qxa5 b6 17. Qa6+ Kb8 18. Ne5 Qb7 19. Qa4 b5 20. Qb4 Rhe8 21. Qc5 Bd7 22. Nd5 Bf8 23. Nb4 Kc8 24. Nbc6 Qa6 25. Qa7 Qxa7 26. Nxa7+ Kb7 27. Nxd7 Rxd7 28. Nxb5 Kc8 29. Nxd6+ Bxd6 30. Rd4 f5 31. Rhd1 Rde7 32. Rc4 Re6 33. a4 Kb7 34. Rd5 Rf6 35. Rb5+ Kc8 36. a5 f4 37. Bd4 Rg6 38. a6 Rxg2 39. a7 Kd7 40. Rb8 Rg1+ 41. Kd2 Ra1 42. Rxe8 Kxe8 43. b3 1-0

[Event "Sportland-NRW-Cup"]
[Site "Senden"]
[Date "1999.??.??"]
[Round "3"]
[White "Luther, Thomas"]
[Black "Krallmann, Matthias"]
[Result "1-0"]
[WhiteElo "2505"]
[BlackElo "2295"]
[PlyCount "129"]
[EventDate "1999.10.??"]
[Source "www.chesslib.no"]
[SourceDate "2004.05.04"]

1. e4 e5 2. Nf3 Nf6 3. d4 exd4 4. e5 Ne4 5. Qxd4 d5 6. exd6 Nxd6 7. Nc3 Nc6 8. Qf4 g6 9. Bb5 Bg7 10. Bxc6+ bxc6 11. O-O O-O 12. Be3 Rb8 13. Rab1 a5 14. a3 Nb5 15. Nxb5 cxb5 16. Rfd1 Qf6 17. Qxc7 Bg4 18. Bd4 Qf5 19. Bxg7 Bxf3 20. Bxf8 Qg4 21. Qg3 Qxg3 22. hxg3 Bxd1 23. Rxd1 Kxf8 24. Rd4 b4 25. axb4 axb4 26. g4 h6 27. Rc4 Ke7 28. b3 Kd6 29. f3 Rb7 30. Kf2 Kd5 31. Ke3 Re7+ 32. Kd3 Rb7 33. Rc8 g5 34. Ra8 Ke5 35. Ke3 Rb5 36. Re8+ Kd5 37. Re7 f6 38. Rh7 Ke5 39. Rxh6 Rc5 40. Kd2 Rd5+ 41. Kc1 Rd6 42. Rh8 Kd4 43. Re8 Kc5 44. Re2 Kb5 45. Rd2 Re6 46. Rd5+ Kc6 47. Rf5 Rd6 48. g3 Kb6 49. f4 gxf4 50. gxf4 Kc6 51. g5 fxg5 52. fxg5 Rd4 53. Rf8 Rg4 54. Rg8 Rg2 55. g6 Kb7 56. g7 Ka7 57. Kd1 Kb7 58. Ke1 Ka7 59. Kf1 Rg5 60. Kf2 Kb7 61. Kf3 Rg1 62. Ke4 Rg4+ 63. Kd5 Ka7 64. Kc5 Kb7 65. Rh8 1-0

[Event "Warsaw Cup"]
[Site "Warsaw POL"]
[Date "1980.05.26"]
[Round "4"]
[White "Sznapik, Aleksander"]
[Black "Mazul, Waldemar"]
[Result "1-0"]
[WhiteElo "2460"]
[BlackElo "2340"]
[PlyCount "105"]
[EventDate "1980.05.23"]
[Source "www.chesslib.no"]
[SourceDate "2004.05.04"]

1. e4 e5 2. Nf3 Nf6 3. d4 exd4 4. e5 Ne4 5. Qxd4 d5 6. exd6 Nxd6 7. Bf4 Nc6 8. Qd2 Qe7+ 9. Be2 Ne4 10. Qe3 Nb4 11. Qc1 Bg4 12. O-O O-O-O 13. Na3 g5 14. Be3 Kb8 15. Re1 Rg8 16. Nb5 a6 17. Nc3 Bf5 18. Nd4 Bg6 19. a3 c5 20. Nb3 Nd5 21. Nxd5 Rxd5 22. Bc4 Re5 23. f4 gxf4 24. Bxf4 Ka8 25. Qe3 Rh5 26. Rad1 Bg7 27. Bd5 Bd4 28. Nxd4 Rxd5 29. Nf3 Rxd1 30. Rxd1 Bh5 31. Rd5 Bxf3 32. Qxf3 Nf6 33. Re5 Qd7 34. h3 Qd4+ 35. Kh2 Re8 36. c3 Qc4 37. Qe3 Rc8 38. Bg3 h5 39. Qf3 h4 40. Bf2 Ng8 41. Re4 Qb3 42. Qe2 Nf6 43. Rxh4 Qd5 44. c4 Qf5 45. Qe3 Nd7 46. Rf4 Qe5 47. Qxe5 Nxe5 48. b3 Rc6 49. Rf5 f6 50. Bh4 Rb6 51. Bxf6 Nd7 52. Bg7 Rxb3 53. h4 1-0

[Event "EU-chT (Men)"]
[Site "Batumi"]
[Date "1999.12.04"]
[Round "6.3"]
[White "Geenen, Marc"]
[Black "Balogh, Tomas"]
[Result "1/2-1/2"]
[WhiteElo "2347"]
[BlackElo "2447"]
[PlyCount "25"]
[EventDate "1999.11.06"]
[Source "ChessBase"]
[SourceDate "2000.02.01"]

1. e4 e5 2. Nf3 Nf6 3. d4 exd4 4. e5 Ne4 5. Qxd4 d5 6. exd6 Nxd6 7. Bd3 Nc6 8. Qf4 g6 9. Nc3 Bg7 10. Be3 Be6 11. O-O-O Qf6 12. Qxf6 Bxf6 13. Ne4 1/2-1/2

[Event "Aalborg Open"]
[Site "Aalborg DEN"]
[Date "1993.??.??"]
[Round "7"]
[White "Borge, Nikolai"]
[Black "Christensen, Tobias"]
[Result "1-0"]
[WhiteElo "2410"]
[BlackElo "2380"]
[PlyCount "69"]
[EventDate "1993.??.??"]
[Source "www.chesslib.no"]
[SourceDate "2004.05.04"]

1. e4 e5 2. Nf3 Nf6 3. d4 exd4 4. e5 Ne4 5. Qxd4 d5 6. exd6 Nxd6 7. Bd3 Nc6 8. Qf4 g6 9. O-O Bg7 10. Re1+ Be6 11. Ng5 O-O 12. Nxe6 fxe6 13. Qg3 Nf5 14. Qh3 Nb4 15. Be4 Nd6 16. Qxe6+ Kh8 17. Bxg6 Qh4 18. g3 Qd4 19. Be3 Qf6 20. Qg4 Nc6 21. Bd3 Ne5 22. Qh5 Nxd3 23. cxd3 Qxb2 24. Nd2 Nf5 25. Bf4 Qb5 26. Rab1 Qxd3 27. Rxb7 Nd4 28. Rxc7 Rxf4 29. gxf4 Rg8 30. Re8 Bh6+ 31. Kh1 Nc6 32. Rxc6 Qxd2 33. Qe5+ Bg7 34. Rxg8+ Kxg8 35. Qe6+ 1-0

[Event "I Open"]
[Site "Calviá"]
[Date "2004.11.05"]
[Round "5"]
[White "Carlsson, Pontus"]
[Black "Mellado Trivino, Juan"]
[Result "1-0"]
[WhiteElo "2360"]
[BlackElo "2423"]
[PlyCount "112"]
[EventDate "2004.11.01"]
[Source "Roberto Alvarez"]
[SourceDate "2004.11.08"]

1. e4 e5 2. Nf3 Nf6 3. d4 exd4 4. e5 Ne4 5. Qxd4 f5 6. Bc4 Bc5 7. Qd5 Bxf2+ 8. Ke2 Qe7 9. Nc3 c6 10. Qf7+ Qxf7 11. Bxf7+ Kxf7 12. Nxe4 fxe4 13. Ng5+ Kg6 14. Kxf2 Re8 15. Nxe4 Rxe5 16. Nd6 Na6 17. Bf4 Re6 18. Rad1 Nc5 19. Kf3 b6 20. b4 Na4 21. Nxc8 Rxc8 22. Rxd7 Nc3 23. h4 Nd5 24. h5+ Kf6 25. Bc1 Re7 26. Bb2+ Kf7 27. Rxe7+ Kxe7 28. Bxg7 Nxb4 29. c3 Nd5 30. c4 Nc7 31. Be5 Ne6 32. Rd1 Rf8+ 33. Ke3 Rg8 34. Bd6+ Ke8 35. Kf3 c5 36. Rd5 Nd4+ 37. Kf2 Rg4 38. g3 Ne6 39. Bb8 Rxc4 40. Bxa7 b5 41. g4 b4 42. Kg3 Rc2 43. g5 c4 44. g6 h6 45. Bc5 b3 46. axb3 cxb3 47. Re5 Kd7 48. Ba3 b2 49. Bxb2 Rxb2 50. Rf5 Rb3+ 51. Kg4 Rb4+ 52. Kg3 Kd6 53. Ra5 Rd4 54. Ra7 Rd5 55. Kh4 Rd4+ 56. Kg3 Rd5 1-0